Playboi Carti Songs - Sudden Death - Statistics

General Stats
  • This quiz has been taken 788 times
  • The average score is 7 of 20
Answers on the Grid
Answers color-coded by a green-red scale on the quiz's grid according to % correct below.
Talk
VAMP
Sky
DIE TRYING
Sneak Dissin
M'$
Neon Guts
4Tspoon
754
I Gotta
Middle Of The Summer
Man Of The Year
$teeze
Top
Heavy
Only You Freestyle
DUMBO
TRIM
FOMDJ
LV Sandals
FlatBed Freestyle
CANT STOP
Rehab
Place
Walking On The Moon
dothatshit!
Acid Trip
@ MEH
Hun43rd
Freestyle 4 The People
ALL RED
Mileage
Plug
Die4Guy
More M's
Rich Flex
Other Shit
overseas
Paper
Cash Carti
 
Answer Stats
Answer % Correct
Sky
83%
FOMDJ
57%
@ MEH
57%
ALL RED
56%
FlatBed Freestyle
54%
TRIM
52%
Die4Guy
44%
Mileage
44%
dothatshit!
43%
Middle Of The Summer
39%
Place
39%
Top
32%
Other Shit
29%
Talk
29%
4Tspoon
14%
Plug
12%
Sneak Dissin
12%
$teeze
9%
Freestyle 4 The People
8%
Paper
5%
No matching quizzes found
Score Distribution
Percent of People with Each Score
Percentile by Number Answered
Your Score History
You have not taken this quiz